|
|
|
|
| LEADER |
01130nam a2200265 a 4500 |
| 001 |
3562841 |
| 008 |
100425s2009 njuab b 001 0 eng d |
| 010 |
|
|
|a 98047066
|
| 020 |
|
|
|a 9788131724859
|
| 020 |
|
|
|a 0130807850
|
| 040 |
|
|
|a DLC
|c DLC
|d DLC
|d DB-DhAAL
|
| 082 |
0 |
0 |
|a 658.4/012
|2 22
|
| 100 |
1 |
|
|a David, Fred R.
|
| 245 |
1 |
0 |
|a Strategic management :
|b concepts & cases /
|c Fred R. David.
|
| 250 |
|
|
|a 12th ed.
|
| 260 |
|
|
|a Upper Saddle River, N.J. ;
|a New Delhi :
|b Pearson/Prentice Hall,
|c c2009.
|
| 300 |
|
|
|a 695 p. :
|b ill. maps ;
|c 26 cm.
|
| 504 |
|
|
|a Includes bibliographical references and indexes.
|
| 541 |
1 |
|
|e 00018642
|
| 650 |
|
0 |
|a Strategic planning
|x Case studies.
|
| 650 |
|
0 |
|a Strategic planning.
|
| 852 |
4 |
|
|a Ayesha Abed Library
|j General Shelf.
|
| 999 |
|
|
|c 8218
|d 8218
|
| 952 |
|
|
|0 0
|1 0
|2 ddc
|4 0
|6 658_401200000000000_DAV_2009
|7 0
|9 9409
|a BRACUL
|b BRACUL
|c GEN
|d 2010-04-25
|l 9
|m 38
|o 658.4012 DAV
|p 3010018642
|r 2025-03-23
|s 2025-02-09
|t 1
|w 2010-04-25
|y BK
|
| 952 |
|
|
|0 0
|1 0
|2 ddc
|4 0
|6 658_401200000000000_DAV_2009
|7 0
|9 9410
|a BRACUL
|b BRACUL
|c GEN
|d 2010-04-25
|l 5
|m 10
|o 658.4012 DAV
|p 3010018643
|r 2018-04-11
|s 2018-01-24
|t 2
|w 2010-04-25
|y BK
|